| 000 | 00577nam a22001337a 4500 | ||
|---|---|---|---|
| 008 | 210719b ||||| |||| 00| 0 eng d | ||
| 020 | _a9789993605126 | ||
| 082 | _a373.2 RES | ||
| 245 |
_aསློབ༌གྲྭའི༌རྫོང༌ཁའི༌རྩ༌གཞུང༌གནས༌ཚད༌དབྱེ༌ཞིབ༌ཀྱི༌ཞིབ༌འཚོལ༌སྙན༌ཞུ། _bResearch report on school Dzongkha Curriculum evaluation (PP-12) |
||
| 260 |
_aThimphu : _bRoyal Education Council, _c2020. |
||
| 300 |
_av, 105 p. _c29 cm. |
||
| 650 | _aCurriculum | ||
| 942 | _2ddc | ||
| 999 |
_c8802 _d8803 |
||